MARC

LEADER 00000nam0a2200000 4500
001 43016
005 20231101210804.0
010 |a 5894950074 
035 |a (RuTPU)RU\TPU\book\44413 
090 |a 43016 
100 |a 20020924d1995 k y0rusy50 ca 
101 1 |a rus 
102 |a RU 
105 |a y z 000zy 
200 1 |a Количественное описание неопределенности в аналитических измерениях  |e пер. с англ.  |f Всероссийский НИИ метрологии им. Д. И. Менделеева; Эколого-аналитический информационный центр "Союз"; ЕВРАХИМ: Форум для обсуждения вопросов аналитической химии в Европе 
210 |a СПб.  |c Крисмас+  |d 1995 
215 |a 129 с. 
320 |a Библиогр. в конце примеров. 
513 1 |a Quantifuing Uncertainty in Analyticfl Measurement  |z eng 
606 1 |a Количественный анализ  |2 stltpush  |3 (RuTPU)RU\TPU\subj\71230  |9 85225 
610 1 |a аналитическая химия 
610 1 |a измерения 
610 1 |a неопределенность 
610 1 |a погрешности 
610 1 |a оценивание 
675 |a 543.062  |v 3 
675 |a 53.088  |v 3 
712 0 2 |a Всероссийский НИИ метрологии им. Д. И. Менделеева  |2 stltpush  |3 (RuTPU)RU\TPU\col\1261 
712 0 2 |a ЕВРАХИМ: Форум для обсуждения вопросов аналитической химии в Европе 
801 1 |a RU  |b 63413507  |c 20020924  |g PSBO 
801 2 |a RU  |b 63413507  |c 20140902  |g PSBO 
900 |a Машины, оборудование и приборы для природообустройства и контроля окружающей среды 
942 |c BK